| 000 | 01496nam a2200253Ia 4500 | ||
|---|---|---|---|
| 999 |
_c53858 _d53858 |
||
| 001 | 20909 | ||
| 003 | GE_BSU | ||
| 005 | 20210616162833.0 | ||
| 008 | 181216s2013||||ge |||||||||||||| ||geo|| | ||
| 020 | _a9789941107276 | ||
| 040 | _cGE_BSU | ||
| 041 | _ageo | ||
| 080 | _a347.426+35 ა-28 | ||
| 245 |
_aადმინისტრაციული ორგანოების მიერ ზიანის ანაზღაურება : _bკანონმდებლობის გამოყენების სასამართლო პრაქტიკა / _cკრებული შეადგინა და დაამუშავა ჯუმბერ რუსიაშვილმა. |
||
| 264 |
_aთბილისი : _bმერიდიანი, _c2013. |
||
| 300 |
_a526 გვ. ; _c20 სმ. |
||
| 541 | _h16ლ.90თ. | ||
| 653 | _aადმინისტრაციული ორგანოები საქართველოში | ||
| 653 | _aადმინისტრაციული ორგანოების მიერ ზიანის ანაზღაურება | ||
| 653 | _aკანონმდებლობის გამოყენების სასამართლო პრაქტიკა | ||
| 653 | _aსამართალი | ||
| 653 | _aსახელმწიფო ადმინისტრაციული მმართველობა | ||
| 942 |
_cBK _2udc |
||